The public lands of Australia Felix; settlement and land appraisal in Victoria 1834-91 with special reference to the Western Plains

Guardat en:
Dades bibliogràfiques
Autor principal: Powell, J. M. (Joseph Michael)
Format: Llibre
Idioma:English
Publicat: Melbourne, New York, Oxford University Press, 1970.
Matèries:
LEADER 01270cam a2200313 a 4500
001 c000137639
003 CARM
005 19990324000000.0
008 710921s1970 at ab b 001 0 eng
010 |a 75592914 //r87 
015 |a ANL 
019 1 |a 307455  |z 47382733  |z 21882899  |5 LACONCORD2021 
020 |a 0195503406 
035 |a (OCoLC)199815  |5 LACONCORD2021 
040 |a LC  |b eng  |c LC  |d LC 
042 |a anuc 
043 |a u-at-vi 
050 0 0 |a HD1105  |b .P68 
082 0 0 |a 333.7/6/09945 
100 1 |a Powell, J. M.  |q (Joseph Michael) 
245 1 4 |a The public lands of Australia Felix;  |b settlement and land appraisal in Victoria 1834-91 with special reference to the Western Plains  |c [by] J. M. Powell. 
260 |a Melbourne,  |a New York,  |b Oxford University Press,  |c 1970. 
300 |a xxix, 328 p.  |b illus., maps, tables.  |c 22 cm. 
500 |a "Revised version of a doctoral thesis presented to Monash University in 1968." 
504 |a Bibliography: p. 302-317. 
650 0 |a Land settlement  |z Australia  |z Victoria  |x History. 
852 8 |b CARM  |h A2:AF06G0  |i B01737  |p 0029169  |f BK 
999 f f |i 9ec46d98-47e2-53b8-8035-ce1ba05cb529  |s 71608b0c-c434-5435-8935-115440d2e2f6 
952 f f |p Can circulate  |a CAVAL  |b CAVAL  |c CAVAL  |d CARM 1 Store  |e B01737  |f A2:AF06G0  |h Other scheme  |i book  |m 0029169